000
00293nam a2200121Ia 4500
008
241028s9999 xx 000 0 und d
041
_a
eng
082
_a
658.83 AAK
100
_a
Aaker, Das
245
_a
Marketing Research
260
_b
Wiley India
_a
New Delhi
_c
2019
300
_a
610;. P. 27 cm
999
_c
43010
_d
43010